Vocabulario gráfico para la presentación arquitectónica.

Bibliographic Details
Main Author: White Edward T.
Format: Section = Libro
Language:Undetermined
Spanish
Published: México Trillas 2012
Edition:3a.ed.
Subjects:
LEADER 00615nam a2200229Ia 4500
008 240829s9999 xx 000 0 und d
020 |a 978-968-24-7434 
040 |a BIBLIOTECA-RUSB/ 720.28 W583 
041 |a spa 
082 |a 720.28 W583 
100 1 |a White Edward T. 
245 1 0 |a Vocabulario gráfico para la presentación arquitectónica. 
250 |a 3a.ed. 
260 |a México  |b Trillas  |c 2012 
300 |a 176 p. :il. 
650 7 |a DIBUJOS ARQUITECTONICOS 
650 7 |b  VOCABULARIO GRAFICO 
650 7 |c  ARQUITECTONICA 
650 7 |d  FIGURAS HUMANAS 
942 |c BK  |2 ddc 
991 |a TEXTO 
999 |c 5011